<?xml version="1.0" encoding="UTF-8"?>
<record
    xmlns:xsi="http://www.w3.org/2001/XMLSchema-instance"
    xsi:schemaLocation="http://www.loc.gov/MARC21/slim http://www.loc.gov/standards/marcxml/schema/MARC21slim.xsd"
    xmlns="http://www.loc.gov/MARC21/slim">

  <leader>00459pam a2200109a 44500</leader>
  <controlfield tag="008">230405s2010    xxu||||| |||| 00| 0 eng d</controlfield>
  <datafield tag="041" ind1=" " ind2=" ">
    <subfield code="a">MAR</subfield>
  </datafield>
  <datafield tag="100" ind1=" " ind2=" ">
    <subfield code="a">&#x938;&#x94C; &#x938;&#x902;&#x917;&#x93F;&#x924;&#x93E; &#x92E;&#x93E;&#x928;&#x947; &#x921;&#x949; &#x938;&#x941;&#x930;&#x947;&#x936; &#x92E;&#x93E;&#x928;&#x947;</subfield>
  </datafield>
  <datafield tag="245" ind1=" " ind2=" ">
    <subfield code="a">&#x91C;&#x93F;&#x932;&#x94D;&#x939;&#x93E; &#x92A;&#x930;&#x93F;&#x937;&#x926; &#x915;&#x930;&#x94D;&#x92E;&#x91A;&#x93E;&#x930;&#x940; &#x92D;&#x930;&#x924;&#x940; &#x938;&#x902;&#x92A;&#x942;&#x930;&#x94D;&#x923; &#x92E;&#x93E;&#x930;&#x94D;&#x917;&#x926;&#x930;&#x94D;&#x936;&#x915;</subfield>
  </datafield>
  <datafield tag="260" ind1=" " ind2=" ">
    <subfield code="a"></subfield>
    <subfield code="b">&#x905;&#x915;&#x94D;&#x937;&#x930;&#x917;&#x902;&#x917;&#x93E; &#x92A;&#x94D;&#x930;&#x915;&#x93E;&#x936;&#x928;</subfield>
    <subfield code="c">2010</subfield>
  </datafield>
  <datafield tag="906" ind1=" " ind2=" ">
    <subfield code="a">10471</subfield>
  </datafield>
  <datafield tag="999" ind1=" " ind2=" ">
    <subfield code="c">300970</subfield>
    <subfield code="d">300970</subfield>
  </datafield>
  <datafield tag="952" ind1=" " ind2=" ">
    <subfield code="0">0</subfield>
    <subfield code="1">0</subfield>
    <subfield code="4">0</subfield>
    <subfield code="7">0</subfield>
    <subfield code="8">C</subfield>
    <subfield code="a">KVK</subfield>
    <subfield code="b">KVK</subfield>
    <subfield code="c">2</subfield>
    <subfield code="d">2011-04-06</subfield>
    <subfield code="e">&#x905;&#x91C;&#x92C; &#x92A;&#x941;&#x938;&#x94D;&#x924;&#x915;&#x93E;&#x932;&#x92F;</subfield>
    <subfield code="g">180.00</subfield>
    <subfield code="l">0</subfield>
    <subfield code="p">KVK-XTH01121</subfield>
    <subfield code="r">2023-04-18 00:00:00</subfield>
    <subfield code="w">2023-04-18</subfield>
    <subfield code="y">BK</subfield>
  </datafield>
</record>
